Christmas Movies by Poster - Statistics

General Stats
  • This quiz has been taken 176 times
  • The average score is 16 of 43
Answer Stats
Picture Answer % Correct
Home Alone
93%
Die Hard
79%
The Polar Express
77%
Elf
76%
Home Alone 2: Lost In New York
74%
Bad Santa
69%
Home Alone 3
68%
The Grinch
68%
Jingle All The Way
62%
The Santa Clause
61%
The Nightmare Before Christmas
57%
It's A Wonderful Life
56%
How The Grinch Stole Christmas
54%
A Christmas Carol
52%
Miracle On 34th Street
49%
Scrooged
47%
Arthur Christmas
41%
Christmas With The Kranks
41%
The Christmas Chronicles
40%
The Holiday
39%
Deck The Halls
33%
Daddy's Home 2
32%
Klaus
29%
Fred Claus
27%
Violent Night
26%
The Night Before
24%
Krampus
23%
Terrifier 3
21%
Last Christmas
20%
Noelle
18%
The Muppet Christmas Carol
18%
Nativity!
17%
Holidate
15%
Mickey's Once Upon A Christmas
13%
Office Christmas Party
13%
Silent Night
11%
A Bad Moms Christmas
10%
Candy Cane Lane
10%
Jingle Jangle: A Christmas Journey
10%
Black Christmas
7%
Godmothered
4%
Fatman
3%
The Christmas Chronicles: Part Two
1%
No matching quizzes found
Score Distribution
Percent of People with Each Score
Percentile by Number Answered
Your Score History
You have not taken this quiz